Návrh informačného systému pre evidenciu náhradných dielov
Saved in:
| Main Author: | |
|---|---|
| Other Authors: | |
| Format: | Manuscript Book |
| Language: | Slovak |
| Published: |
2025
|
| Subjects: | |
| Online Access: | http://is.stuba.sk/zp/portal_zp.pl?podrobnosti=176710 |
| Tags: |
No Tags, Be the first to tag this record!
|
MARC
| LEADER | 00000ntm a22000003a 4500 | ||
|---|---|---|---|
| 001 | stuzp102092 | ||
| 003 | SK-STU | ||
| 005 | 20250628210526.7 | ||
| 007 | ta | ||
| 008 | 150427s2015----xo-----f-mn---000-0-slo-d | ||
| 040 | |a STU |b slo | ||
| 041 | 0 | |a slo | |
| 100 | 1 | |a Kebísek, Patrik |u 066000 |4 aut |U MTF Materiálovotechnologická fakulta |T MTF Ústav aplikovanej informatiky, automatizácie a mechatroniky |X 121801 |U M6000 |Y 86 |7 121801 | |
| 242 | 0 | 1 | |a Proposal of information system for spare parts management |y eng |
| 245 | 1 | 0 | |a Návrh informačného systému pre evidenciu náhradných dielov |
| 260 | |c 2025 | ||
| 650 | 4 | |a databáza |2 slo | |
| 650 | 4 | |a Informačný systém |2 slo | |
| 650 | 4 | |a MySQL |2 slo | |
| 650 | 4 | |a C# |2 slo | |
| 650 | 4 | |a UML |2 slo | |
| 650 | 4 | |a Information system |2 eng | |
| 650 | 4 | |a database |2 eng | |
| 650 | 4 | |a MySQL |2 eng | |
| 650 | 4 | |a C# |2 eng | |
| 650 | 4 | |a UML |2 eng | |
| 700 | 1 | |a Kebísek, Michal |u 066000 |k Z1 |4 ths |U MTF Materiálovotechnologická fakulta |T MTF Ústav aplikovanej informatiky, automatizácie a mechatroniky |X 2798 |U M6000 |Y 86 |7 A000002798 | |
| 856 | 4 | |u http://is.stuba.sk/zp/portal_zp.pl?podrobnosti=176710 | |
| 996 | |c M* BP-9946 |l MMSKP |s P |a 0 |w stuzp102092_0001 | ||